00550nam a2200121Ia 4500008004100000041001200041082001200053100008200065245016000147260006600307300000900373536004600382211220s9999 xx 000 0 eng d aEnglish aRM.0388 aManjula, M.uNational institute of Mental Health and NeurosciencesvBangalore 0aMental health literacy on youth depression and suicides for teachers :bimpact on knowledge, attitudes, facilitating support and help seeking /cM. Manjula aNew Delhi :bIndian Council oF Social Science Research,c2017 a54p. aIndian Council of Social Science Research